Harry Styles guess the lyrics (without clues) n.2 - Statistics

General Stats
  • This quiz has been taken 1,159 times
  • The average score is 100 of 163
Answer Stats
Answer % Correct
i
99%
I
99%
a
98%
you
95%
the
89%
me
88%
and
86%
we
83%
it
80%
my
79%
on
79%
to
79%
so
76%
in
73%
no
71%
of
71%
was
71%
for
70%
just
69%
then
68%
i'm
61%
I'm
61%
some
61%
there
61%
way
61%
you're
60%
but
58%
that
58%
two
58%
got
57%
one
56%
don't
55%
flower
54%
could
53%
buy
52%
grape
52%
juice
52%
three
52%
been
50%
over
50%
said
50%
all
49%
never
49%
something
49%
did
48%
"give
48%
through
48%
afternoon
47%
there's
47%
There's
47%
getting
46%
sunny
46%
without
46%
back
45%
bottle
45%
came
45%
more
45%
yesterday
45%
than
44%
up
44%
finally
43%
old
43%
red"
43%
away
42%
blues
42%
perfect
40%
thought
40%
someone
39%
pay
38%
rouge
38%
always
36%
couple
36%
hide
36%
we've
36%
corner
35%
glasses
35%
who's
35%
places
33%
garden
32%
sitting
32%
count
30%
pinks
30%
whites
30%
overthink
27%
tryna
27%
heath
26%
1989
1%
No matching quizzes found
Score Distribution
Percent of People with Each Score
Percentile by Number Answered
Your Score History
You have not taken this quiz